<?xml version="1.0" encoding="UTF-8"?>
<record
    xmlns:xsi="http://www.w3.org/2001/XMLSchema-instance"
    xsi:schemaLocation="http://www.loc.gov/MARC21/slim http://www.loc.gov/standards/marcxml/schema/MARC21slim.xsd"
    xmlns="http://www.loc.gov/MARC21/slim">

  <leader>03381nam a2200565Ia 4500</leader>
  <controlfield tag="001">609</controlfield>
  <controlfield tag="008">241029s9999    xx            000 0 und d</controlfield>
  <datafield tag="010" ind1=" " ind2=" ">
    <subfield code="a">551</subfield>
  </datafield>
  <datafield tag="041" ind1=" " ind2=" ">
    <subfield code="a">Espa&#xF1;ol</subfield>
  </datafield>
  <datafield tag="082" ind1=" " ind2=" ">
    <subfield code="a">INTEC/CyH-0169</subfield>
  </datafield>
  <datafield tag="245" ind1=" " ind2="0">
    <subfield code="a">An&#xE1;lisis del proceso de ense&#xF1;anza-aprendizaje de la lectura y escritura, de los ni&#xF1;os y ni&#xF1;as de Cuarto Grado de B&#xE1;sica, en la Escuela San Jos&#xE9; del Distrito Escolar 05-15, Santo Domingo Oeste, durante el per&#xED;odo escolar 2011-2012.</subfield>
  </datafield>
  <datafield tag="260" ind1=" " ind2=" ">
    <subfield code="a">Distrito Nacional</subfield>
  </datafield>
  <datafield tag="300" ind1=" " ind2=" ">
    <subfield code="a">93</subfield>
  </datafield>
  <datafield tag="520" ind1=" " ind2=" ">
    <subfield code="a">12</subfield>
  </datafield>
  <datafield tag="630" ind1=" " ind2=" ">
    <subfield code="a">Competencia Ling&#xFC;&#xED;stica</subfield>
  </datafield>
  <datafield tag="630" ind1=" " ind2=" ">
    <subfield code="a">Comprensi&#xF3;n Lectora</subfield>
  </datafield>
  <datafield tag="630" ind1=" " ind2=" ">
    <subfield code="a">H&#xE1;bito de Lectura</subfield>
  </datafield>
  <datafield tag="630" ind1=" " ind2=" ">
    <subfield code="a">Producci&#xF3;n Escrita</subfield>
  </datafield>
  <datafield tag="630" ind1=" " ind2=" ">
    <subfield code="a">Producci&#xF3;n Oral</subfield>
  </datafield>
  <datafield tag="650" ind1=" " ind2=" ">
    <subfield code="a">Competencia Ling&#xFC;&#xED;stica</subfield>
  </datafield>
  <datafield tag="690" ind1=" " ind2=" ">
    <subfield code="a">Copiado sin cambios</subfield>
  </datafield>
  <datafield tag="700" ind1=" " ind2=" ">
    <subfield code="e">asesor</subfield>
    <subfield code="a">Espinal, Olga</subfield>
  </datafield>
  <datafield tag="700" ind1=" " ind2=" ">
    <subfield code="e">autor</subfield>
    <subfield code="a">Silfa, Ydriales Altagracia</subfield>
  </datafield>
  <datafield tag="901" ind1=" " ind2=" ">
    <subfield code="a">{"1":"Silfa"}</subfield>
    <subfield code="b">{"1":"Ydriales Altagracia"}</subfield>
  </datafield>
  <datafield tag="902" ind1=" " ind2=" ">
    <subfield code="a">1</subfield>
  </datafield>
  <datafield tag="903" ind1=" " ind2=" ">
    <subfield code="a">{"1":"Espinal"}</subfield>
    <subfield code="b">{"1":"Olga"}</subfield>
  </datafield>
  <datafield tag="904" ind1=" " ind2=" ">
    <subfield code="a">Maestr&#xED;a en</subfield>
  </datafield>
  <datafield tag="905" ind1=" " ind2=" ">
    <subfield code="a">Ling&#xFC;&#xED;stica Aplicada</subfield>
  </datafield>
  <datafield tag="906" ind1=" " ind2=" ">
    <subfield code="a">2</subfield>
  </datafield>
  <datafield tag="907" ind1=" " ind2=" ">
    <subfield code="a">NO APLICA</subfield>
  </datafield>
  <datafield tag="908" ind1=" " ind2=" ">
    <subfield code="a">NO APLICA</subfield>
  </datafield>
  <datafield tag="909" ind1=" " ind2=" ">
    <subfield code="a">Instituto Tecnol&#xF3;gico de Santo Domingo (INTEC)</subfield>
  </datafield>
  <datafield tag="910" ind1=" " ind2=" ">
    <subfield code="a">NULL</subfield>
    <subfield code="b">NULL</subfield>
  </datafield>
  <datafield tag="911" ind1=" " ind2=" ">
    <subfield code="a">["1"]</subfield>
  </datafield>
  <datafield tag="912" ind1=" " ind2=" ">
    <subfield code="a">NO APLICA</subfield>
  </datafield>
  <datafield tag="913" ind1=" " ind2=" ">
    <subfield code="a">NULL</subfield>
  </datafield>
  <datafield tag="914" ind1=" " ind2=" ">
    <subfield code="a">01 de Enero de 2013</subfield>
  </datafield>
  <datafield tag="915" ind1=" " ind2=" ">
    <subfield code="a">09/11/19 01:11</subfield>
  </datafield>
  <datafield tag="916" ind1=" " ind2=" ">
    <subfield code="a">NULL</subfield>
  </datafield>
  <datafield tag="917" ind1=" " ind2=" ">
    <subfield code="a">NULL</subfield>
  </datafield>
  <datafield tag="918" ind1=" " ind2=" ">
    <subfield code="a">NO APLICA</subfield>
  </datafield>
  <datafield tag="919" ind1=" " ind2=" ">
    <subfield code="a">["37","43","115","166","167"]</subfield>
  </datafield>
  <datafield tag="520" ind1=" " ind2=" ">
    <subfield code="a">Este trabajo de intervenci&#xF3;n se titula "Proceso de ense&#xF1;anza-aprendizaje de lectura-escritura, en los ni&#xF1;os y ni&#xF1;as de Cuarto Grado de B&#xE1;sica (Primer Ciclo), de la Escuela San Jos&#xE9;, del Distrito Escolar 05-15, Regional 15, Santo Domingo Oeste, Rep&#xFA;blica Dominicana". Esta investigaci&#xF3;n se desarrolla seg&#xFA;n el curr&#xED;culo vigente de la Lengua Espa&#xF1;ola, en el Cuarto Grado de B&#xE1;sica (Primer Ciclo).Una investigaci&#xF3;n descriptiva, que trata a partir de un enfoque cualitativo, para el proceso tal y como es, en la pr&#xE1;ctica pedag&#xF3;gica. Tanto como punto de partida de las nuevas propuestas, jornadas de capacitaci&#xF3;n, c&#xED;rculos de innovaci&#xF3;n docente, que reciben los maestros para ampliar sus habilidades y destrezas, para planificar y desarrollar actividades de ense&#xF1;anzas, en el desarrollo de competencias de lectura y escritura. &#xA0;El m&#xE9;todo de investigaci&#xF3;n fue el cualitativo, ya que se observ&#xF3; la realidad profunda del proceso de desarrollo de ense&#xF1;anza-aprendizaje de lectura y escritura. Las t&#xE9;cnicas aplicadas fueron basadas en fichas de observaci&#xF3;n de clases, cuadernos, registros, entrevistas a profesores y cuestionarios a estudiantes y profesores. La muestra seleccionada fue un solo centro, en representaci&#xF3;n de los dem&#xE1;s centros educativos de B&#xE1;sica de la zona oeste.A trav&#xE9;s de este estudio, podemos encontrar como los docentes que manejan el proceso de&#xA0;ense&#xF1;anza-aprendizaje de lectura y escritura, no sintetizan el proceso. As&#xED; qued&#xF3; evidente en las observaciones, en las pr&#xE1;cticas docentes o pedag&#xF3;gicas, en los cuadernos de los estudiantes, en los programas de clase, planificaci&#xF3;n diaria, la organizaci&#xF3;n, decoraci&#xF3;n del aula y el resultado aplicado a estudiantes y docentes en las encuestas, entrevistas y cuestionarios.</subfield>
  </datafield>
  <datafield tag="921" ind1=" " ind2=" ">
    <subfield code="a">16</subfield>
  </datafield>
  <datafield tag="922" ind1=" " ind2=" ">
    <subfield code="a">16</subfield>
  </datafield>
  <datafield tag="923" ind1=" " ind2=" ">
    <subfield code="a">0</subfield>
  </datafield>
  <datafield tag="924" ind1=" " ind2=" ">
    <subfield code="a">NO APLICA</subfield>
  </datafield>
  <datafield tag="942" ind1=" " ind2=" ">
    <subfield code="c">Tesis</subfield>
  </datafield>
  <datafield tag="999" ind1=" " ind2=" ">
    <subfield code="c">551</subfield>
    <subfield code="d">551</subfield>
  </datafield>
</record>
